Vývoj nákladnej a osobnej dopravy ČSAD v rokoch 1980-1988

Na minha lista:
Detalhes bibliográficos
Autor principal: Lüttmerdingová
Formato: Livro
Idioma:eslovaco
Publicado em: Bratislava Slovenský štatistický úrad 1988
Tags: Adicionar Tag
Sem tags, seja o primeiro a adicionar uma tag!

MARC

LEADER 00000nam a2200000 4500
001 c028429
005 20250512103918.0
041 0 |a slo 
044 |a SK 
245 1 0 |a Vývoj nákladnej a osobnej dopravy ČSAD v rokoch 1980-1988  |c Lüttmerdingová 
264 1 |a Bratislava  |b Slovenský štatistický úrad  |c 1988 
300 |a 27 s. 
100 1 |a Lüttmerdingová